01130nam a2200253 i 450000100060000000300090000600500170001500700030003200800410003510000400007624501020011625000150021826000450023330000390027849000470031750501300036465100440049465100640053870000440060283000550064685200340070199900170073595201240075219533ES-MaACL20240228155325.0t|021002m19691970sp ||||1| cat d1 aAbadal, Ramon d',d1888-197091794510aDels visigots als catalans / cRamon d'Abadal ; edició a cura de Jaume Sobrequés i Callicó. a[1ª ed.]. aBarcelona : bEdicions 62, c[1969-1970] a2 v., 26 lám. : bil. ; c21 cm.1 aCol.lecció Estudis i documents ; v13-148 aContiene: v. 1. La Hispània visigòtica i la Catalunya carolíngia -- ­ v. 2. La formació de la Catalunya independent 4aCataluña-xHistoria-yS.V-XV.9157495 7aEspaña-xHistoria-y0414-0711, Época visigoda291620461 aSobrequés i Callicó, Jaume.91069970 aCol.lecció Estudis i documents ; v13-149226563 aES-MaACLjC-54893-4 bR.70746 c19533d19533 00104070aATENEOMbATENEOMcDEPO2d2008-01-17eSCl0oC-54893-4p1019986r2023-02-23 00:00:00w2023-02-23yMONOGRAFIA